| 000 | 00415nam a22001577a 4500 | ||
|---|---|---|---|
| 005 | 20260413173741.0 | ||
| 008 | 260413b |||||||| |||| 00| 0 eng d | ||
| 020 | _a9789697834426 | ||
| 040 | _cPK-LaNCA | ||
| 082 |
_a954.9105 _bANA |
||
| 100 | _aAnam Zakaria | ||
| 245 | _a1971: a people's history from Bangladesh, Pakistan and India | ||
| 260 |
_aFolio Books _bLahore _c2024 |
||
| 300 | _avii, 350p | ||
| 942 | _cBK | ||
| 999 |
_c67213 _d67213 |
||